000 00762nam a22002777a 4500
003 OSt
008 150515b xxu||||| |||| 00| 0 eng d
100 1 _aLindquist, H. L.
041 _aeng
050 0 0 _a383.2135S
245 1 0 _aThe Stamp Specialist
246 1 0 _aMaroon Book (Number 12)
260 _aNew York, NY
_bH. L. Lindquist
300 _a127 pages
650 0 _aGeneral
650 0 _aConfederate states
650 0 _aSwitzerland Canton Stamps
650 0 _aUS Civil War Censored Mail
650 0 _aBritish Postal Agency in Puerto Rico
650 0 _aEnglish Postal History
650 0 _aUS Revenue Stamped Paper
650 0 _aMaryland
650 0 _aCanada
650 0 _aConfederate Mail Carrier
650 0 _aIonian Islands Postal History
999 _c1470
_d1470